| 000 | 00652cam a2200217 4500 | ||
|---|---|---|---|
| 008 | 000000n1999 000 0 eng u | ||
| 020 | _a0117023329 | ||
| 035 | _a(Sirsi) u100042 | ||
| 041 | _aENG | ||
| 050 | _a692.8 | ||
| 110 |
_aProperty Advisers to the Civil Estate _93610 |
||
| 245 | _aGC/Works 5 (1999) general conditions for the appointment of consultants: Framework agreements. | ||
| 260 |
_aLondon _bHM Stationery Office _c1999 |
||
| 300 | _a83p. ; 30cm. | ||
| 350 | _a30.00 | ||
| 650 | _aCONSULTANTS | ||
| 650 | _aGC/WORKS/5 | ||
| 650 | _aFINANCE AND INVESTMENT | ||
| 690 | _aBUILT ENVIRONMENT-BUILDING CONTRACT FORMS | ||
| 942 | _n0 | ||
| 999 |
_c99561 _d99561 |
||